=LDR 00000nam 2200000 4500 =001 INLIS000000000051440 =005 20170918101436 =035 ##$$a 0010-0917000244 =007 ta =008 170918###########################0###### =020 ##$$a 978-602-0869-77-3 =082 ##$$a 364.132 3 =084 ##$$a 364.132 3 ISM k =100 #$$a Ismadi =245 1#$$a Kisah-Kisah Penuh Hikmah Tentang Perlawanan Terhadap Korupsi /$c Ismadi =260 ##$$a Yogyakarta :$b Indoliterasi,$c 2016 =300 ##$$a iii, 108 hlm : $b ilus. ; $c 21 cm =500 ##$$a Biografi : Hlm.108 =650 ##$$a Korupsi =504 ##$$a Bibliografi : Hlm. 103-107 =990 ##$$a 1132611326 =990 ##$$a 1132611326 =990 ##$$a 1132611326 =990 ##$$a 1132611326 =990 ##$$a 1132611326 =990 ##$$a 21703226 =990 ##$$a 01201711326 =990 ##$$a 01201711327 =990 ##$$a 01201711328 =990 ##$$a 01201711329 =990 ##$$a 21703227 =990 ##$$a 01201711326 =990 ##$$a 01201711327 =990 ##$$a 01201711328 =990 ##$$a 21703226 =990 ##$$a 21703228 =990 ##$$a 01201711326 =990 ##$$a 01201711327 =990 ##$$a 21703227 =990 ##$$a 21703226 =990 ##$$a 21703229 =990 ##$$a 01201711326 =990 ##$$a 21703228 =990 ##$$a 21703227 =990 ##$$a 21703226 =990 ##$$a 21703230 =990 ##$$a 21703229 =990 ##$$a 21703228 =990 ##$$a 21703227 =990 ##$$a 21703226